Špecifické prvky kvality v zdravotnej starostlivosti

Problematika kvality zdravotnej starostlivosti v súvislosti s poskytovaním sociálnych služieb na Slovensku.

Gespeichert in:
Bibliographische Detailangaben
1. Verfasser: Kovaľová, Mária
Format: Buchkapitel
Sprache:Slowakisch
Schlagworte:
Tags: Tag hinzufügen
Keine Tags, Fügen Sie das erste Tag hinzu!

MARC

LEADER 00000naa a2200000 4500
001 0181246
005 20231012072318.4
041 0 |a slo 
044 |a SK 
245 1 0 |a Špecifické prvky kvality v zdravotnej starostlivosti  |c Mária Kovaľová 
520 |a Problematika kvality zdravotnej starostlivosti v súvislosti s poskytovaním sociálnych služieb na Slovensku. 
610 2 0 |a Slovensko 
610 2 0 |a kvalita 
610 2 0 |a služby sociálne 
610 2 0 |a služby zdravotnícke 
610 2 0 |a starostlivosť sociálna 
610 2 0 |a starostlivosť zdravotná 
100 1 |a Kovaľová, Mária